| 000 | 00630nam a2200217 a 4500 | ||
|---|---|---|---|
| 005 | 20240612064156.0 | ||
| 008 | 011121s1997 mx r 000 0 spa d | ||
| 020 | _a968766858X | ||
| 035 | _aUPN01000113979 | ||
| 049 | _aI | ||
| 050 | 4 |
_aG1021 _bL3.28 |
|
| 100 | 1 |
_aLabi, Esther _936872 |
|
| 245 | 1 | 0 |
_aAtlas mundial / _cEsther Labi ; tr. Juan Salvador. |
| 260 |
_aMéxico : _bCNCA, Dirección General de Publicaciones : _bCITEM, _c1997. |
||
| 300 |
_a160 p. : _bil. col. |
||
| 440 | 0 |
_aMiniguía ; _v3 |
|
| 500 | _a"Un minilibro lleno de información" | ||
| 650 | 4 |
_aAtlas _98563 |
|
| 650 | 2 |
_aMapas _95255 |
|
| 905 | _aInfantil | ||
| 999 |
_c87887 _d87887 |
||